[Event "Mlada Boleslav Region-ch"]
[Site "Mlada Boleslav"]
[Date "2015.06.21"]
[Round "7"]
[White "Harcuba, Adam"]
[Black "Hrdlicka, Jan"]
[Result "1-0"]
[WhiteElo "1519"]
[BlackElo "1187"]
[PlyCount "80"]
[EventDate "2015.06.20"]
[EventType "swiss"]
[EventRounds "7"]
[EventCountry "CZE"]
[SourceTitle "EXT 2017"]
[Source "ChessBase"]
[SourceDate "2016.10.25"]
[SourceVersion "1"]
[SourceVersionDate "2016.10.25"]
[SourceQuality "1"]

1. e4 e5 2. Nf3 Nf6 3. Nc3 Bb4 4. Bc4 Bxc3 5. dxc3 d6 6. Qe2 Bg4 7. h3 Bd7 8. 0-0 0-0 9. Nh2 h6 10. f4 exf4 11. Bxf4 Nh7 12. Ng4 Kh8 13. Be3 f5 14. exf5 Rxf5 15. Bd3 Rf8 16. Bxh7 Kxh7 17. Rxf8 Qxf8 18. Rf1 Qe8 19. Qd3+ Kh8 20. Qd4 Nc6 21. Qd2 h5 22. Nh2 Ne5 23. Bd4 Nc6 24. Qf2 b6 25. Qf7 Ne5 26. Bxe5 dxe5 27. Qxe8+ Rxe8 28. Rf7 Bb5 29. Rxc7 a6 30. c4 Bxc4 31. Rxc4 Re6 32. Re4 Kh7 33. Nf3 Kg6 34. Rxe5 Rc6 35. Nd4 Rd6 36. Re6+ Rxe6 37. Nxe6 Kf6 38. Nf4 g6 39. Kf2 h4 40. Nd5+ Kf5 1-0